[Event "4NCL"]
[Site "Barcelo Hotel, Hinkley Island,"]
[Date "2011.01.16"]
[Round "4.45"]
[White "Faulks, Nick"]
[Black "Gooding, Ian"]
[Result "0-1"]
[WhiteElo "2101"]
[BlackElo "2012"]
[PlyCount "60"]
[EventDate "2011.??.??"]
[WhiteTeam "White Rose 2"]
[BlackTeam "Cambridge University 2"]

1. e4 e6 2. d4 d5 3. Nc3 Bb4 4. e5 c5 5. a3 Bxc3+ 6. bxc3 Ne7 7. h4 Nbc6 8. h5
Qa5 9. Bd2 Bd7 10. Nf3 Qc7 11. Rh3 f6 12. h6 fxe5 13. hxg7 Rg8 14. dxc5 Rxg7
15. Ng5 O-O-O 16. Qf3 Ng6 17. Qf6 Re7 18. Nxh7 Nf4 19. Rh4 Rg8 20. Bxf4 exf4
21. Ng5 e5 22. Nf3 e4 23. Nd4 Nxd4 24. cxd4 Qa5+ 25. Kd1 Qc3 26. Ra2 e3 27.
fxe3 Rxe3 28. Be2 Rxe2 29. Kxe2 Rxg2+ 30. Kf1 Qf3+ 0-1

[Event "4NCL"]
[Site "Barcelo Hotel, Hinkley Island,"]
[Date "2011.01.16"]
[Round "4.46"]
[White "Campbell, Mark C"]
[Black "Lewyk, Ihor"]
[Result "0-1"]
[WhiteElo "2002"]
[BlackElo "2108"]
[PlyCount "191"]
[EventDate "2011.??.??"]
[WhiteTeam "Cambridge University 2"]
[BlackTeam "White Rose 2"]

1. e4 d5 2. exd5 Nf6 3. d4 Bg4 4. f3 Bf5 5. Bb5+ Nbd7 6. c4 a6 7. Ba4 b5 8.
cxb5 Nxd5 9. bxa6 Rxa6 10. a3 c6 11. Nc3 Nxc3 12. bxc3 Qa5 13. Bb3 Qxc3+ 14.
Bd2 Qxd4 15. Ne2 Qa7 16. Qc1 Ne5 17. Bc2 Bxc2 18. Qxc2 Rxa3 19. Rxa3 Qxa3 20.
O-O e6 21. Rc1 c5 22. Bc3 Nxf3+ 23. gxf3 Qa8 24. Qd3 Qd5 25. Qb5+ Qd7 26. Qb8+
Qd8 27. Qg3 h5 28. Rb1 h4 29. Qf4 Bd6 30. Be5 Bxe5 31. Qxe5 O-O 32. Kf2 Qe7 33.
Rc1 Rc8 34. Nc3 c4 35. Ne4 Qa7+ 36. Kg2 Qa2+ 37. Kh3 Qa3 38. Rc3 Qe7 39. Nd6
Rc6 40. Rxc4 Qxd6 41. Qxd6 Rxd6 42. Kxh4 Rd2 43. Kg3 Kh7 44. Rh4+ Kg6 45. Rg4+
Kf6 46. Rf4+ Ke7 47. Rg4 g6 48. h4 Rd1 49. Kg2 Kf6 50. Rf4+ Kg7 51. Ra4 e5 52.
Ra5 Kf6 53. Ra6+ Kf5 54. Ra7 f6 55. Ra6 Rd5 56. Kg3 Rd3 57. Kg2 Rd7 58. Kg3 Re7
59. Rb6 Re6 60. Rb8 Rd6 61. Rg8 Rd3 62. Kg2 Rd4 63. Kg3 Rc4 64. Rg7 Rc1 65. Kg2
Rc4 66. Kg3 e4 67. fxe4+ Rxe4 68. Rh7 Rg4+ 69. Kf3 Rg1 70. Kf2 Rh1 71. Kg2 Rb1
72. Rh6 Rb3 73. Kf2 g5 74. hxg5 fxg5 75. Rh8 Kg4 76. Ra8 Rb2+ 77. Kg1 Kg3 78.
Ra3+ Kh4 79. Ra4+ g4 80. Ra8 Kh3 81. Rh8+ Kg3 82. Kf1 Rb1+ 83. Ke2 Kg2 84. Rh7
g3 85. Rh8 Rb3 86. Rh7 Rb2+ 87. Ke1 Rf2 88. Rh8 Rf4 89. Rh7 Re4+ 90. Kd2 Kf3
91. Rf7+ Kg2 92. Rh7 Kg1 93. Rh3 Kf2 94. Rh7 g2 95. Rf7+ Kg3 96. Rg7+ 0-1

[Event "4NCL"]
[Site "Barcelo Hotel, Hinkley Island,"]
[Date "2011.01.16"]
[Round "4.47"]
[White "Birkin, Mark H"]
[Black "Kreuzer, Christopher RL"]
[Result "0-1"]
[WhiteElo "1895"]
[BlackElo "1937"]
[PlyCount "104"]
[EventDate "2011.??.??"]
[WhiteTeam "White Rose 2"]
[BlackTeam "Cambridge University 2"]

1. e4 c5 2. Nf3 d6 3. d4 cxd4 4. Nxd4 Nf6 5. Nc3 a6 6. Be2 e5 7. Nb3 Be6 8. Be3
Nbd7 9. O-O Be7 10. f4 Qc7 11. Kh1 b5 12. Nd5 Bxd5 13. exd5 Nb6 14. Bxb6 Qxb6
15. Qd3 O-O 16. Rad1 Rfd8 17. Nd2 Rac8 18. Ne4 Rc4 19. Ng3 Rd4 20. Qb3 Rxf4 21.
Nf5 Bf8 22. Qg3 Ne4 23. Nh6+ Kh8 24. Qxf4 exf4 25. Nxf7+ Kg8 26. Nxd8 Nf2+ 27.
Rxf2 Qxf2 28. Bg4 Be7 29. Ne6 Bf6 30. c3 Be5 31. Ng5 Qxb2 32. Re1 Qxc3 33. Nf3
Kf8 34. h3 a5 35. Re2 Ke7 36. Kg1 Qc5+ 37. Kh2 Qxd5 38. Rc2 Qb7 39. Ng5 f3+ 40.
Kg1 Qb6+ 41. Kf1 fxg2+ 42. Kxg2 Qb7+ 43. Kg1 h6 44. Ne6 Qe4 45. Rc7+ Kf6 46.
Nxg7 Qb1+ 47. Kf2 Qxa2+ 48. Ke3 Qb3+ 49. Ke2 a4 50. Be6 Qb2+ 51. Kf3 a3 52. Kg4
Qg2+ 0-1